| 000 | 00456nam a22001337a 4500 | ||
|---|---|---|---|
| 040 | _cNUST | ||
| 082 | _a200 THE | ||
| 100 |
_aAmna Rahim _984355 |
||
| 110 |
_aSupervisor Dr Sajid Gul Khuwaja Co-Supervisor Dr. Muhammad Usman Akram _984356 |
||
| 245 | _aTH-SOF-1879-Emotion Recognition using Machine Learning Model from ECG and GSR | ||
| 260 |
_aISLAMABAD: _bNUST COLLEGE OF EME, _c2021. |
||
| 650 |
_aMS-COMPUTER ENGINEERING-18 _984357 |
||
| 942 |
_2ddc _cTHE |
||
| 999 |
_c586821 _d586821 |
||